|
|
|
|
| LEADER |
01216nam a2200349Ia 4500 |
| 001 |
EBC404945 |
| 003 |
MiAaPQ |
| 005 |
20200520144314.0 |
| 006 |
m o d | |
| 007 |
cr cn||||||||| |
| 008 |
000922s2001 maua sf 001 0 eng d |
| 010 |
|
|
|z 00049366
|
| 020 |
|
|
|z 9780750673280
|
| 020 |
|
|
|z 0750673281
|
| 035 |
|
|
|a (MiAaPQ)EBC404945
|
| 035 |
|
|
|a (Au-PeEL)EBL404945
|
| 035 |
|
|
|a (CaPaEBR)ebr10251196
|
| 035 |
|
|
|a (CaONFJC)MIL179594
|
| 035 |
|
|
|a (OCoLC)476220874
|
| 040 |
|
|
|a MiAaPQ
|c MiAaPQ
|d MiAaPQ
|
| 050 |
|
4 |
|a TS184
|b .P58 2001
|
| 082 |
0 |
4 |
|a 696
|2 21
|
| 245 |
0 |
0 |
|a Plant engineer's handbook
|h [electronic resource] /
|c edited by R. Keith Mobley.
|
| 260 |
|
|
|a Boston :
|b Butterworth-Heinemann,
|c c2001.
|
| 300 |
|
|
|a xii, 1189 p. :
|b ill.
|
| 500 |
|
|
|a Includes index.
|
| 533 |
|
|
|a Electronic reproduction. Ann Arbor, MI : ProQuest, 2016. Available via World Wide Web. Access may be limited to ProQuest affiliated libraries.
|
| 650 |
|
0 |
|a Plant engineering
|v Handbooks, manuals, etc.
|
| 655 |
|
4 |
|a Electronic books.
|
| 700 |
1 |
|
|a Mobley, R. Keith,
|d 1943-
|
| 710 |
2 |
|
|a ProQuest (Firm)
|
| 856 |
4 |
0 |
|u https://ebookcentral.proquest.com/lib/matrademy/detail.action?docID=404945
|z Click to View
|